000 00676nam a2200217Ii 4500
003 JO-AjNU
008 230605s9999||||xx |||||||||||||| ||und||
020 _a977-01-8536-1
040 _aJO-AjNU
_bara
_erda
_cJO-AjNU
041 _aara
050 1 4 _aPJ7580.N37 1999
100 3 _aناصيف،إميل,
_eauthor
_911124
245 0 0 _aأروع ما قيل من الحكايات، الجزء الأول
250 _aط2
264 3 1 _aبيروت:دار الجيل،1999
300 _aج1، 168ص
336 _atext
_btxt
_2rdacontent
337 _aunmediated
_bn
_2rdamedia
338 _avolume
_bnc
_2rdacarrier
650 4 _a القصص العربية القصيرة
_911125
999 _aA2161
_c5729
_d5729